000 005380000a22001810004500
003 MACL
005 20160506145109.0
008 160506b xxu||||| |||| 00| 0 eng d
040 _aMACL
_cMACL
041 _aHindi
082 _a800
100 _aसचदेव, पदमा
_949980
245 _aमितावाघर
_cपद़मा सचदेव
260 _bराजकमल प्रकाशन
_c1991
_aनई दिल्‍ली
350 _a95
650 _aLiterature
_955469
942 _cHIN
_k800/SAC/L
_2ddc
999 _c21122
_d21122